Statistiques concernant Culture Générale - Série 1157

Cliquez ici pour prendre le quiz!

Statistiques générales

  • Ce quiz a été pris 48 fois
  • Le résultat moyen est 5 sur 10

Statistiques - réponses

Question Réponse % Correct
Quel État des États-Unis comprenant Los Angeles et San Francisco est traversé par la faille de San Andreas ?Californie
93%
Dans quelle ville tchèque est né l'écrivain Franz Kafka ?Prague
82%
Qu'ajoute-t-on au café pour faire un café noisette ?lait
70%
Que signifient les lettres AB, présentes sur l'emballage de certains produits alimentaires ?Agriculture biologique
59%
Quel est l'autre nom de la mouche à miel ?abeille
52%
Quel athlète français, champion olympique du 110 mètres haies en 1976, a été ministre de la Jeunesse et des Sports de 1995 à 1997 ?Guy Drut
43%
En 1987, quel chanteur de soul à la voix rauque interprète le tube "Unchain My Heart" ?Joe Cocker
39%
Quelle est la sainte patronne de l'Alsace ?Odile
18%
Quelle femme est l'épouse du héros troyen Hector ?Andromaque
18%
De 1980 à 1989, Jacques Morel incarnait dans une sérié télé le juge nommé Julien...Fontanes
7%

Distribution des résultats

Percentile par nombre de réponses

% des personnes avec chaque résultat

Votre développement - résultats

Vous n’avez pas pris ce quiz